1434 1492 1540 1970 1231 1058 1313 1530 1728 1850 1456 1140 1488 1550 1562 1743 1283 1085 1371 1379 1939 1715 1733 1233 1838 1756 1932 1689 1100 1751 1825 1658 1728 1933 1799 1702 1748 1991 1661 1942 1307 1792 1595 1658 1720 1357 1902 1653 1759 1728 1896 1295 1847 1124 1510 1006 1765 1055 1279 1053 1121 1543 1425 1652 1781 1742 1810 1320 1323 1164 1511 1649 1969 1635 1417 1247 1098 1561 1987 1709 1592 1443 1487 1057 1207 1643 1391 1995 1996 1609 1317 1951 1647 1940 1723 1400 1098 1717 1607 BCNSPRNW ULIB Ver.6.0+V

เปลี่ยนเป็นภาษาไทย

Change to English
 แสดงรายละเอียดบรรณานุกรม
  กลับหน้าหลัก

Brief Record : Get Marc (ISO 2709) : E-mail record : QR code < ปิดหน้าต่าง
LEADER : 00000nam 2200000uu 4500
001    13399108571
003     ULIB
008    110309s2551||||th 000 0 tha d
020    9789741638062 (ล.7)
060  4 WQ100^bท359O ล.7 2551
245 10 Ob&Gyn update & practical 7 /^cบรรณาธิการ ทัศน์วรรณ รังรักษ์ศิริวร,สมชัย นิรุตติศาสน์
250    พิมพ์ครั้งที่ 1
260    กรุงเทพฯ:^bบริษัท คอนเซ็พท์ เมดิคัส จำกัด.,^c2551.
300    178 หน้า :^bภาพประกอบ ;^c30 ซม.
650  7 การตั้งครรภ์
650  7 นรีเวชวิทยา
650  7 ภาวะการมีบุตรยาก
650  7 มะเร็งปากมดลูก
650  7 ยาเม็ดคุมกำเนิด
650  7 สูติศาสตร์
700 0  ทัศน์วรรณ รังรักษ์ศิริวร,^eบรรณาธิการ
700 0  สมชัย นิรุตติศาสน์,^eบรรณาธิการ
945    ^p280^l0^i18061
945    ^p280^l0^i18062
995    ทศพร
999    ^aใช้งานได้ทุกระบบ
รายการนี้ยังไม่มีแท็ก
คุณยังไม่ได้ล็อกอิน คุณสามารถมีกิจกรรมร่วมกับเว็บไซต์ได้ แต่ต้องล็อกอินก่อน ::
  ล็อกอิน

รายการสื่อสารสนเทศ

ลำดับที่ ประเภท เลขเรียก/บาร์โค้ด สถานที่ สถานะ
1. วิทยาศาสตร์การแพทย์ และสุขภาพ
วิทยาศาสตร์การแพทย์ และสุขภาพ
WQ100 ท359O ล.7 2551 ฉ.2 
  Barcode: 18062
ห้องสมุดวิทยาเขตสวรรค์ประชารักษ์
►ส่วนจัดเก็บหนังสือเก่า สปร
บนชั้น
  ขอยืม

รายการใกล้เคียง
    หัวเรื่อง [การตั้งครรภ์]
    หัวเรื่อง [นรีเวชวิทยา]
    หัวเรื่อง [ภาวะการมีบุตรยาก]
    หัวเรื่อง [มะเร็งปากมดลูก]
    หัวเรื่อง [ยาเม็ดคุมกำเนิด]
    หัวเรื่อง [สูติศาสตร์]

BibComment


ยังไม่เคยถูกคอมเมนท์

คอมเมนท์ทรัพยากรรายการนี้
  คอมเมนท์: ObGyn update pra..


 Copyright 2026. Bcnsprnw @Library